<?xml version='1.0' encoding='UTF-8'?>
  <record xmlns="http://www.loc.gov/MARC21/slim">
    <leader>00000ctm a22000007i 4500</leader>
    <controlfield tag="001">on1312915790</controlfield>
    <controlfield tag="003">OCoLC</controlfield>
    <controlfield tag="005">20251012181302.7</controlfield>
    <controlfield tag="007">cr c||||||||||</controlfield>
    <controlfield tag="008">220428s1450    ne      o     000 0 dum d</controlfield>
    <datafield tag="040" ind1=" " ind2=" ">
      <subfield code="a">QGJ</subfield>
      <subfield code="b">eng</subfield>
      <subfield code="e">rda</subfield>
      <subfield code="e">dcrmmss</subfield>
      <subfield code="c">QGJ</subfield>
      <subfield code="d">QGJ</subfield>
      <subfield code="d">OCLCO</subfield>
      <subfield code="d">OCL</subfield>
      <subfield code="d">QGJ</subfield>
      <subfield code="d">OCLCO</subfield>
      <subfield code="d">OCLCL</subfield>
      <subfield code="d">OCLCO</subfield>
    </datafield>
    <datafield tag="035" ind1=" " ind2=" ">
      <subfield code="a">(OCoLC)1312915790</subfield>
    </datafield>
    <datafield tag="242" ind1="1" ind2="0">
      <subfield code="a">Passional.</subfield>
      <subfield code="y">eng</subfield>
    </datafield>
    <datafield tag="242" ind1="1" ind2="0">
      <subfield code="a">Passionaal.</subfield>
      <subfield code="y">dut</subfield>
    </datafield>
    <datafield tag="245" ind1="0" ind2="0">
      <subfield code="a">[Passionael] Vander weerdiger hoechtijt van pinxten,</subfield>
      <subfield code="f">Utrecht, Centraal Museum, Inv. 1021</subfield>
    </datafield>
    <datafield tag="246" ind1="3" ind2=" ">
      <subfield code="a">Vander weerdiger hoechtijt van pinxten</subfield>
    </datafield>
    <datafield tag="264" ind1=" " ind2="0">
      <subfield code="a">[Utrecht],</subfield>
      <subfield code="c">[approximately 1450]</subfield>
    </datafield>
    <datafield tag="300" ind1=" " ind2=" ">
      <subfield code="a">1 online resource (ccxli leaves) :</subfield>
      <subfield code="b">illustrations ;</subfield>
      <subfield code="c">29 x 21 cm (folio)</subfield>
    </datafield>
    <datafield tag="336" ind1=" " ind2=" ">
      <subfield code="a">text</subfield>
      <subfield code="b">txt</subfield>
      <subfield code="2">rdacontent</subfield>
    </datafield>
    <datafield tag="337" ind1=" " ind2=" ">
      <subfield code="a">computer</subfield>
      <subfield code="b">c</subfield>
      <subfield code="2">rdamedia</subfield>
    </datafield>
    <datafield tag="338" ind1=" " ind2=" ">
      <subfield code="a">online resource</subfield>
      <subfield code="b">cr</subfield>
      <subfield code="2">rdacarrier</subfield>
    </datafield>
    <datafield tag="340" ind1=" " ind2=" ">
      <subfield code="a">paper</subfield>
      <subfield code="2">rdamat</subfield>
    </datafield>
    <datafield tag="340" ind1=" " ind2=" ">
      <subfield code="m">folio</subfield>
      <subfield code="2">rdabf</subfield>
    </datafield>
    <datafield tag="340" ind1=" " ind2=" ">
      <subfield code="k">2 columns, 38-40 lines, hybrid gothic script</subfield>
    </datafield>
    <datafield tag="500" ind1=" " ind2=" ">
      <subfield code="a">Dating: according to  colophon the main work was finished on March 2nd, 1450.</subfield>
    </datafield>
    <datafield tag="500" ind1=" " ind2=" ">
      <subfield code="a">Fol. 184 is blank.</subfield>
    </datafield>
    <datafield tag="500" ind1=" " ind2=" ">
      <subfield code="a">In Middle Dutch, main work written by one single person in a hybrid gothic script, approximately 38-40 lines, 2 colums lined with pencil.</subfield>
    </datafield>
    <datafield tag="500" ind1=" " ind2=" ">
      <subfield code="a">Text with rubrication, marginal cadels, paragraph marks, lettrines in red, penwork on fol 1r, with Utrecht penwork, resembling the "Little Twigs Style".</subfield>
    </datafield>
    <datafield tag="500" ind1=" " ind2=" ">
      <subfield code="a">With corrections (e.g. fol. 4v). Main work contains 241 leaves, numbered in Roman numerals. No cathwords. Gatherings contain normally 8 leaves.</subfield>
    </datafield>
    <datafield tag="500" ind1=" " ind2=" ">
      <subfield code="a">Watermark clearly visible on fol. v: ox-head, resembling: Gerhard Piccard, Die Ochsenkopf-Wasserzeichen. Findbuch II, 2 (Stuttgart, 1966), IX nr. 49.</subfield>
    </datafield>
    <datafield tag="500" ind1=" " ind2=" ">
      <subfield code="a">18th century stamped binding. On spine: "Passionael gekomen uijt het Klooster Bethlehem buijten Utrecht".</subfield>
    </datafield>
    <datafield tag="500" ind1=" " ind2=" ">
      <subfield code="a">Bibliographic reference: Catalogus van het Museum van Oudheden [1878], door S. Muller Fz.. S. Muller Fz. (Utrecht, 1878), cat. nr. 209</subfield>
    </datafield>
    <datafield tag="500" ind1=" " ind2=" ">
      <subfield code="a">Bibliographic reference: Catalogus van het Museum van Oudheden [1904], door S. Muller Fz.. S. Muller Fz. (Utrecht, 1904), cat. nr. 651</subfield>
    </datafield>
    <datafield tag="500" ind1=" " ind2=" ">
      <subfield code="a">Bibliographic reference: Catalogus van het Historisch Museum der stad [1928, cat. nrs. 1403-2891], W.C. Schuylenburg (Utrecht, 1928), cat. nr. 1569</subfield>
    </datafield>
    <datafield tag="500" ind1=" " ind2=" ">
      <subfield code="a">Bibliographic reference: Werken op papier tot 1850, Michiel C. Plomp, Eric N. Domela Nieuwenhuis, Liesbeth M. Helmus (Utrecht, 2004), CD-ROM (cat. 0005)</subfield>
    </datafield>
    <datafield tag="505" ind1="0" ind2=" ">
      <subfield code="a">Five paper leaves, probably added when the present binding was applied. On the first flyleaf the note: "Passionaal, volgens aanteekening op den Perkamenten omslag ...' -- Two parchment flyleaves, on verso side of second flyleaf: "'Dit boek is gecomen uyt t Clooster Bethlehem buyten Utrecht" -- Five paper leaves, containing table of contents, written in a gothic textualis, shortly after the main work had been written and starting on fol. 1v: "Dit is die tafel vanden passionael" -- Main work, foliated i-ccxlvi -- Fol. ccxlvi: colophon:  "Dit boec is geeyndet Int iair ons heren m.ccc. ende vijftich opten anderen dach in meert. Een aue maria van mynnen voer die onnutte scrijfster" -- Five paper leaves, with watermark VI and a lily.</subfield>
    </datafield>
    <datafield tag="561" ind1=" " ind2=" ">
      <subfield code="a">Originating from the Klooster Bethlehem, buiten de Weerdpoort. The first page states: "Passionael, volgens aanteekening op den Perkamenten omslag gecomen uyt 't Clooster Bethlehem buyten Utrecht (in of omstreeks 1450)". It is unknown when the manuscript entered Centraal Museum in Utrecht, in any case before 1878.</subfield>
    </datafield>
    <datafield tag="563" ind1=" " ind2=" ">
      <subfield code="a">18th century stamped binding. On spine: "Passionael gekomen uijt het Klooster Bethlehem buijten Utrecht".</subfield>
    </datafield>
    <datafield tag="581" ind1=" " ind2=" ">
      <subfield code="a">Catalogus van het Museum van Oudheden [1878], door S. Muller Fz.. S. Muller Fz. (Utrecht, 1878), cat. nr. 209</subfield>
    </datafield>
    <datafield tag="581" ind1=" " ind2=" ">
      <subfield code="a">Catalogus van het Museum van Oudheden [1904], door S. Muller Fz.. S. Muller Fz. (Utrecht, 1904), cat. nr. 651</subfield>
    </datafield>
    <datafield tag="581" ind1=" " ind2=" ">
      <subfield code="a">Catalogus van het Historisch Museum der stad [1928, cat. nrs. 1403-2891], W.C. Schuylenburg (Utrecht, 1928), cat. nr. 1569</subfield>
    </datafield>
    <datafield tag="581" ind1=" " ind2=" ">
      <subfield code="a">Werken op papier tot 1850, Michiel C. Plomp, Eric N. Domela Nieuwenhuis, Liesbeth M. Helmus (Utrecht, 2004), CD-ROM (cat. 0005)</subfield>
    </datafield>
    <datafield tag="533" ind1=" " ind2=" ">
      <subfield code="a">Electronic reproduction.</subfield>
      <subfield code="b">Utrecht:</subfield>
      <subfield code="c">Universiteitsbibliotheek Utrecht,</subfield>
      <subfield code="d">2022</subfield>
    </datafield>
    <datafield tag="535" ind1="1" ind2=" ">
      <subfield code="3">Manuscript copy</subfield>
      <subfield code="a">Centraal Museum, Utrecht;</subfield>
      <subfield code="c">Netherlands;</subfield>
      <subfield code="g">ne</subfield>
    </datafield>
    <datafield tag="650" ind1=" " ind2="0">
      <subfield code="a">Christian saints</subfield>
      <subfield code="v">Biography</subfield>
      <subfield code="v">Early works to 1800.</subfield>
    </datafield>
    <datafield tag="650" ind1=" " ind2="7">
      <subfield code="a">Christian saints</subfield>
      <subfield code="2">fast</subfield>
    </datafield>
    <datafield tag="655" ind1=" " ind2="7">
      <subfield code="a">Biographies</subfield>
      <subfield code="2">fast</subfield>
    </datafield>
    <datafield tag="655" ind1=" " ind2="7">
      <subfield code="a">Early works</subfield>
      <subfield code="2">fast</subfield>
    </datafield>
    <datafield tag="710" ind1="2" ind2=" ">
      <subfield code="a">Klooster Bethlehem (Utrecht, Netherlands),</subfield>
      <subfield code="e">former owner.</subfield>
      <subfield code="4">fmo</subfield>
      <subfield code="1">https://id.oclc.org/worldcat/entity/E39QH7JmqfcvMrhbYhWwFwj8xt</subfield>
    </datafield>
    <datafield tag="710" ind1="2" ind2=" ">
      <subfield code="a">Centraal Museum (Utrecht, Netherlands).</subfield>
      <subfield code="k">Manuscript.</subfield>
      <subfield code="n">Inv. 1021.</subfield>
    </datafield>
    <datafield tag="856" ind1="4" ind2="1">
      <subfield code="u">http://objects.library.uu.nl/reader/resolver.php?type=3&amp;obj=1312915790</subfield>
      <subfield code="x">Online</subfield>
      <subfield code="z">Full Text</subfield>
    </datafield>
    <datafield tag="856" ind1="4" ind2="2">
      <subfield code="u">https://hdl.handle.net/21.12130/collect.4B50BF60-35A2-41D9-8DF6-DA3F55D4978D</subfield>
      <subfield code="x">Online</subfield>
      <subfield code="z">Persistant URL</subfield>
    </datafield>
  </record>